[Event "FRA-chT"]
[Site "?"]
[Date "1989.??.??"]
[Round "?"]
[White "Birmingham, Eric"]
[Black "Vareille, Francois"]
[Result "1-0"]
[WhiteElo "2325"]
[BlackElo "2285"]

1.e4 e6 2.d4 d5 3.Nc3 Nf6 4.e5 Nfd7 5.Nf3 c5 6.Bb5 Nc6 7.O-O cxd4 8.Nxd4 Ncxe5
9.Re1 Bd6 10.Nxd5 Qh4 11.Bf4 O-O 12.Bg3 Qd8 13.Bxd7 Qxd7 14.Bxe5 exd5 15.Qf3 Bc5
16.Nb3 Bb6 17.Rad1 Qc6 18.Rd2 Be6 19.Rde2 Rae8 20.Qg3 f6 21.Bd6 Bf5 22.Bxf8 Rxf8
23.Re7 g5 24.h4 Qxc2 25.hxg5 fxg5 26.Qxg5+ Bg6 27.Qxd5+ Bf7 28.Rxf7 Rxf7
29.Re8+ Kg7 30.Qe5+ Rf6 31.Re7+ Kg6 32.Qg3+ Kf5 33.Re5+  1-0

[Event "FRA-chT"]
[Site "?"]
[Date "1989.??.??"]
[Round "?"]
[White "Hebden, Mark"]
[Black "Guigonis, Dominique"]
[Result "1-0"]
[WhiteElo "2455"]
[BlackElo "2325"]

1.e4 e6 2.Nc3 d5 3.d4 Nf6 4.e5 Nfd7 5.f4 c5 6.Nf3 Nc6 7.Be3 a6 8.Qd2 g6 9.Nd1 c4
10.Be2 b5 11.O-O Nb6 12.c3 Bd7 13.Bf2 Qc7 14.Ne3 O-O-O 15.Bh4 Be7 16.Bf6 Bxf6
17.exf6 h5 18.b3 Kb7 19.bxc4 bxc4 20.Ng5 Be8 21.Rab1 Ka7 22.Qb2 Nd7 23.Bxc4 dxc4
24.d5 Na5 25.dxe6 Nxf6 26.exf7 Bd7 27.Qb4 Bc8 28.Rfd1 Nb7 29.Rxd8 Qxd8 30.Ne6 Nd5
31.Nxd5 Qxd5 32.Qb6+ Kb8 33.Nc7 Qe4 34.Nxa6+ Ka8 35.Rf1 Rf8 36.Nc7+ Kb8 37.Nb5 Be6
38.Qa7+ Kc8 39.Qa8+ Kd7 40.Qxf8  1-0

[Event "Frankfurt"]
[Site "Frankfurt"]
[Date "1989.??.??"]
[Round "10"]
[White "Gipslis, Aivars"]
[Black "Votruba, Pavel"]
[Result "1/2-1/2"]
[WhiteElo "2485"]
[BlackElo "2355"]

1.e4 e6 2.d4 d5 3.Nc3 Nf6 4.e5 Nfd7 5.f4 c5 6.Nf3 Nc6 7.Be3 cxd4 8.Nxd4 Bc5
9.Qd2 a6 10.Be2 O-O 11.O-O Nxd4 12.Bxd4 Qb6 13.Bxc5 Qxc5+ 14.Kh1 f6 15.exf6 Nxf6
16.Bd3 Bd7  1/2-1/2

[Event "Dreszer op"]
[Site "Gdynia"]
[Date "1989.??.??"]
[Round "6"]
[White "Juroszek, Tadeusz"]
[Black "Przewoznik, Jan"]
[Result "1-0"]
[WhiteElo "2425"]
[BlackElo "2380"]

1.e4 e6 2.d4 d5 3.Nc3 Nf6 4.e5 Ne4 5.Nce2 f6 6.Nf4 fxe5 7.Qh5+ Kd7 8.Nf3 exf4
9.Ne5+ Ke7 10.Qf7+ Kd6 11.f3 Qh4+ 12.g3 fxg3 13.Ng6 Qd8 14.Nxh8 gxh2 15.Qf4+ Kc6
16.Bg2 Nd6 17.Nf7 Nxf7 18.Qxf7 Qh4+ 19.Ke2 Bd6 20.Be3 b6 21.Kd2 Nd7 22.Rae1 Nf6
23.Qxg7 Bf4 24.Bxf4 Qxf4+ 25.Kd1 Bd7 26.Bf1 Rg8 27.Qf7 Kd6 28.Bd3 Qxd4 29.Kc1 c5
30.Bb5 Rg2 31.Kb1 Qd2 32.Qxf6 Qxc2+ 33.Ka1 d4 34.Qe5+ Ke7 35.Re2  1-0

[Event "Geneve YM"]
[Site "Geneve"]
[Date "1989.??.??"]
[Round "?"]
[White "Bex, Pierre Alain"]
[Black "Skembris, Spyridon"]
[Result "1-0"]
[WhiteElo "2245"]
[BlackElo "2420"]

1.e4 e6 2.d4 d5 3.Nc3 Nf6 4.e5 Nfd7 5.Nce2 c5 6.c3 Nc6 7.Nf3 b6 8.g3 a5 9.h4 Ba6
10.Bh3 cxd4 11.cxd4 Bb4+ 12.Kf1 f5 13.Kg2 Nf8 14.Bg5 Qd7 15.a3 Be7 16.Nf4 h6
17.Bxe7 Nxe7 18.Rc1 a4 19.Rc3 Nfg6 20.Nd3 O-O 21.h5 Nh8 22.Qd2 Nf7 23.Rhc1 Bc4
24.Kh2 Rac8 25.Nf4 Ng5 26.Nxg5 hxg5 27.Ng6 Nxg6 28.hxg6 Qe7 29.Qd1 g4 30.Bxg4 Qg5
31.Bh5 f4 32.Qg4 fxg3+ 33.Kxg3 Qd2 34.R1c2 Qe1 35.Qxe6+ Kh8 36.Bf3 Rxf3+
37.Rxf3 Qg1+ 38.Kh4 Ra8 39.Qf5 Qh2+ 40.Kg5 Qh6+ 41.Kg4  1-0

[Event "BL2-W8889"]
[Site "Germany"]
[Date "1989.??.??"]
[Round "?"]
[White "Mainka, Gregor"]
[Black "Nautsch, Werner"]
[Result "0-1"]
[WhiteElo "2285"]
[BlackElo "2340"]

1.e4 e6 2.d4 d5 3.Nc3 Nf6 4.e5 Nfd7 5.f4 c5 6.Nf3 Nc6 7.Be3 Be7 8.Qd2 a6
9.O-O-O b5 10.dxc5 Nxc5 11.Qf2 Nd7 12.Kb1 Qc7 13.g4 Rb8 14.Bd3 Nb6 15.f5 b4
16.Ne2 Nc4 17.Bxc4 dxc4 18.Nf4 b3 19.cxb3 cxb3 20.a3 exf5 21.Nd5 Qb7 22.Nd4 Nxd4
23.Nxe7 Qe4+ 24.Kc1 Nf3 25.Nd5 O-O 26.Nc3 Qxg4 27.h3 Qh5 28.Bf4 Be6 29.Rd3 Ng5
30.Qa7 Ne4 31.Rhd1 Rbc8  0-1

[Event "BL2-W8889"]
[Site "Germany"]
[Date "1989.??.??"]
[Round "?"]
[White "Westerinen, Heikki MJ"]
[Black "Schmittdiel, Eckhard"]
[Result "1/2-1/2"]
[WhiteElo "2400"]
[BlackElo "2425"]

1.e4 e6 2.d4 d5 3.Nc3 Nf6 4.e5 Nfd7 5.f4 c5 6.Nf3 Nc6 7.Be3 cxd4 8.Nxd4 Bc5
9.Qd2 Bxd4 10.Bxd4 Nxd4 11.Qxd4 Qb6 12.O-O-O Qxd4 13.Rxd4 Ke7 14.g3 g6 15.Bg2 h5
16.Rhd1 Nb6 17.Na4 Nxa4 18.Rxa4 Bd7 19.Rad4 Rab8 20.R1d3 Bb5 21.Rc3 Rbc8
22.Rxc8 Rxc8 23.Kd2 a5 24.c3 Bc4 25.a3 Rc6 26.Ke3 Rc8 27.Rd2 Bb5 28.Kf2 Bc4
29.h3 Rb8 30.Bf3 f6 31.exf6+ Kxf6 32.Bd1 Rc8 33.h4 Rc6 34.Ke3 Bf1 35.Rh2 e5
36.fxe5+ Kxe5 37.Rf2 Bh3 38.Rf7 Rb6 39.b4 axb4 40.axb4 Bf5 41.Bf3 Rc6 42.Kd2 Rb6
43.Re7+ Kd6 44.Rg7 Ke5 45.Rc7 Kd6 46.Rc5 Be6 47.Ra5 Rc6 48.Ra7 Rc7 49.Ra8 Rf7
50.Ke3 Rc7 51.Kd4 Rc4+ 52.Kd3 Bf5+ 53.Kd2 Be4 54.Be2 Rc7 55.Rg8 Rf7 56.Ke3 Bb1
57.Bf3 Re7+ 58.Kd4 Be4 59.Rd8+ Kc6 60.Rf8 Re6 61.Be2 Bf5 62.Bd3 Bxd3 63.Kxd3 Kd6
64.Rb8 Kc7 65.Rg8 Kc6  1/2-1/2

[Event "Gran Canaria op"]
[Site "Gran Canaria"]
[Date "1989.??.??"]
[Round "?"]
[White "Garcia, Ricardo"]
[Black "Martin del Campo, Jorge"]
[Result "1-0"]
[WhiteElo "2315"]
[BlackElo "2220"]

1.e4 e6 2.d4 d5 3.Nc3 Nf6 4.e5 Nfd7 5.f4 c5 6.Nf3 Nc6 7.Be3 Qb6 8.Na4 Qa5+
9.c3 cxd4 10.b4 Qc7 11.Nxd4 a6 12.Rc1 b5 13.Nb2 Nb6 14.Bd3 Nc4 15.Nxc4 dxc4
16.Bc2 Bb7 17.O-O Rd8 18.a3 Be7 19.Qh5 g6 20.Qh6 Bf8 21.Qh4 Be7 22.Qf2 Rd7
23.Nf3 Bd8 24.g4 Ne7 25.Bd4 Qc6 26.Rce1 Qxf3 27.Qxf3 Bxf3 28.Rxf3 h5 29.h3 hxg4
30.hxg4 Rh4 31.Rg3 Nc6 32.Be3 Bc7 33.Be4 Nd8 34.Kg2 Bb8 35.Rh3 Rxh3 36.Kxh3 Ba7
37.Bc1 Ke7 38.Kg2 f5 39.exf6+ Kxf6 40.Rh1 Nf7 41.Re1 e5 42.g5+ Kg7 43.f5 gxf5
44.Bxf5 Rd5 45.Rh1 Nd6 46.Rh7+ Kf8 47.Bc2 Bb6 48.g6 e4 49.Bh6+ Kg8 50.Rg7+ Kh8
51.Rf7 Rf5 52.g7+ Kh7 53.Rxf5  1-0

[Event "EU-chT"]
[Site "Haifa"]
[Date "1989.??.??"]
[Round "1"]
[White "Mokry, Karel"]
[Black "Bruk, Ofer"]
[Result "1/2-1/2"]
[WhiteElo "2500"]
[BlackElo "2430"]

1.e4 e6 2.d4 d5 3.Nc3 Nf6 4.e5 Nfd7 5.f4 c5 6.Nf3 Nc6 7.Be3 a6 8.Qd2 b5 9.dxc5 Bxc5
10.Bxc5 Nxc5 11.Qf2 Qb6 12.Bd3 b4 13.Ne2 a5 14.O-O Ba6 15.Kh1 Bxd3 16.cxd3 Rb8
17.Rad1 O-O 18.Qh4 f6 19.Ng3 Ne7 20.exf6 Ng6 21.Qg4 Rxf6 22.Nh5 Rf7 23.Ne5 Nxe5
24.fxe5 Rbf8 25.Rxf7 Rxf7 26.Nf6+ Kh8 27.Qh5 g6 28.Qh6 Qb8 29.Qe3 Nd7 30.Nxd7 Rxd7
31.Rf1 Kg7 32.Qg5 Qe8 33.Qf6+ Kg8 34.Kg1 Rf7 35.Qxf7+ Qxf7 36.Rxf7 Kxf7 37.Kf2 Ke7
38.Ke3 Kd7 39.Kd4 Kc6 40.h4 h5 41.b3 Kb5 42.Ke3  1/2-1/2

[Event "EU-chT"]
[Site "Haifa"]
[Date "1989.??.??"]
[Round "2"]
[White "Blatny, Pavel"]
[Black "Vaganian, Rafael A"]
[Result "1-0"]
[WhiteElo "2470"]
[BlackElo "2585"]

1.e4 e6 2.d4 d5 3.Nc3 Nf6 4.e5 Nfd7 5.f4 c5 6.Nf3 Nc6 7.Be3 f6 8.Na4 Qa5+
9.c3 c4 10.b4 Qc7 11.Be2 Be7 12.O-O b5 13.Nb2 a5 14.a3 axb4 15.axb4 Rxa1
16.Qxa1 Nb6 17.Qa2 Qa7 18.Qxa7 Nxa7 19.Ra1 Nc6 20.Ne1 Bb7 21.Nc2 Kd7 22.Kf2 f5
23.Bd2 Na8 24.Nd1 h6 25.g4 fxg4 26.Bxg4 g6 27.Nde3 Nc7 28.Ke2 Rf8 29.Rg1 Ke8
30.Bf3 Kf7 31.Nf1 Ra8 32.Nfe3 Ra2 33.Kd1 h5 34.Kc1 Ra8 35.Kb2 Rh8 36.Be1 Nb8
37.Bg2 h4 38.h3 Na8 39.Bf3 Nb6 40.Rg4 Na4+ 41.Kc1 Nd7 42.Ng2 Ndb6 43.Nce3 Bc6
44.Bd1 Rg8 45.Nxh4 g5 46.Nf3 gxf4 47.Rxg8 Kxg8 48.Ng2 Nd7 49.Kc2 Nf8 50.Bh4 Bxh4
51.Nfxh4 Be8 52.Nxf4 Kg7 53.Bg4 Bf7 54.Nf3 Kh6 55.h4 Nb6 56.Ng5 Bg6+ 57.Kd2 Bf5
58.Bxf5 exf5 59.e6 Nc8 60.Nxd5 Ng6 61.Nf7+ Kg7 62.Nc7 Nxh4 63.d5 Ng6 64.d6  1-0

[Event "Helsinki2"]
[Site "Helsinki"]
[Date "1989.??.??"]
[Round "1"]
[White "Nevanlinna, Risto"]
[Black "Votruba, Pavel"]
[Result "1/2-1/2"]
[WhiteElo "2325"]
[BlackElo "2355"]

1.e4 e6 2.d4 d5 3.Nc3 Nf6 4.e5 Nfd7 5.f4 c5 6.Nf3 Nc6 7.Be3 cxd4 8.Nxd4 Bc5
9.Qd2 a6 10.O-O-O Bxd4 11.Bxd4 O-O 12.h4 b5 13.h5 b4 14.Ne2 a5 15.Be3 Qc7
16.Nd4 Nxd4 17.Qxd4 Ba6 18.Kb1 Rfc8 19.Bd3 Bxd3 20.cxd3 Qc2+ 21.Ka1 Qa4 22.Rc1 Rc2
23.Rxc2 Qxc2 24.f5 Rc8 25.f6 Qxg2 26.Rb1 Kh8 27.Qa7 Nxe5 28.Qb7 Qc2 29.d4 Qc6
30.Qe7 Re8 31.Qa7 Ra8 32.Qe7 Re8 33.Qa7  1/2-1/2

[Event "JUG-ch"]
[Site "?"]
[Date "1989.??.??"]
[Round "?"]
[White "Abramovic, Bosko"]
[Black "Kovacevic, Vlatko"]
[Result "0-1"]
[WhiteElo "2485"]
[BlackElo "2545"]

1.e4 e6 2.d4 d5 3.Nc3 Nf6 4.e5 Nfd7 5.f4 c5 6.Nf3 Nc6 7.Be3 cxd4 8.Nxd4 a6
9.Qd2 Bc5 10.O-O-O O-O 11.Kb1 Nxd4 12.Bxd4 b5 13.g4 b4 14.Ne2 a5 15.Bg2 Ba6
16.Bxc5 Bxe2 17.Bxf8 Bxd1 18.Bxg7 Bxc2+ 19.Qxc2 Rc8 20.Qd2 Kxg7 21.h4 Qc7
22.h5 h6 23.Bf3 a4 24.g5 hxg5 25.Rg1 b3 26.Rxg5+ Kh8 27.Rg2 Qc1+  0-1

[Event "Lugano op"]
[Site "Lugano"]
[Date "1989.??.??"]
[Round "2"]
[White "Jacobs, Byron A"]
[Black "King, Daniel J"]
[Result "0-1"]
[WhiteElo "2350"]
[BlackElo "2500"]

1.d4 e6 2.e4 d5 3.Nc3 Nf6 4.e5 Nfd7 5.f4 c5 6.Nf3 Nc6 7.Be3 a6 8.Qd2 b5 9.dxc5 Bxc5
10.Bxc5 Nxc5 11.Bd3 b4 12.Ne2 Qb6 13.O-O-O O-O 14.Kb1 a5 15.Ned4 Nxd4 16.Nxd4 a4
17.Qe3 Ba6 18.Bxa6 Rxa6 19.f5 Ne4 20.Rd3 a3 21.b3 exf5 22.Nxf5 Qxe3 23.Ne7+ Kh8
24.Rxe3 Nc3+ 25.Ka1 Re6 26.Nf5 f6 27.Rhe1 Rxe5 28.Nd4 Rfe8 29.Rxe5 Rxe5 30.Rxe5 fxe5
31.Nc6 e4 32.Nxb4 d4  0-1

[Event "Mendrisio op"]
[Site "Mendrisio"]
[Date "1989.??.??"]
[Round "9"]
[White "Rogers, Ian"]
[Black "Vezzosi, Paolo"]
[Result "1/2-1/2"]
[WhiteElo "2470"]
[BlackElo "2335"]

1.e4 e6 2.d4 d5 3.Nc3 Nf6 4.e5 Nfd7 5.Nf3 c5 6.dxc5 Nxc5 7.Be2 Nc6 8.O-O Be7
9.Re1 a6 10.Bf1 O-O 11.a3 b5 12.Ne2 Bb7 13.Ng3 Rc8 14.c3 Qb6 15.Be3 Qc7 16.Rb1 Ne4
17.Bf4 Nxg3 18.hxg3 Qb6 19.Bd3 Rfd8 20.Nh2 d4 21.Qh5 g6 22.Qh6 Rd7 23.Ng4 Qd8
24.Be4 dxc3 25.bxc3 Na5 26.Nf6+ Bxf6 27.exf6 Qf8 28.Qh3 Bxe4 29.Rxe4 Rc4
30.Rxc4 Nxc4 31.a4 Qd8 32.Qh6 Qxf6 33.axb5 Na3 34.Ra1 Nxb5 35.Rxa6 Qd8 36.Be5 f6
37.c4 Nc7 38.Bxc7 Rxc7 39.Qc1 Qd4 40.Ra4 Kg7 41.Qc2 Rb7 42.c5 Rb2 43.Qxg6+ Kxg6
44.Rxd4 Rc2 45.Rd6 Rxc5 46.Rxe6 Rc1+ 47.Kh2 h5 48.f3 Rb1 49.Re8 Kg7 50.Re4 Rc1
51.g4 hxg4 52.Rxg4+ Kf7 53.Re4 Kg6 54.g4 Rc3 55.Kg3 Rb3 56.Kf4 Rb5 57.Rd4 Ra5
58.Rd3 Ra6 59.Rd5 Ra4+ 60.Ke3 Ra3+ 61.Kf2 Ra2+ 62.Kg3 Ra3 63.Rf5 Ra2 64.Rb5 Ra3
65.Rb2 Rc3 66.Re2 Ra3 67.Rd2 Rb3 68.Kf2 Rb4 69.Rd3 Ra4 70.Kg3 Ra6 71.f4 Ra7
72.Rd8 Kg7 73.Kh4 Rb7 74.Kh5 Ra7 75.Rd6 Rb7 76.f5 Ra7 77.g5 fxg5 78.Kxg5 Kf8
79.Rf6+ Kg7 80.Rg6+ Kf8 81.Rf6+ Kg7 82.Rb6 Kf8 83.Rg6 Rb7  1/2-1/2

[Event "Wuerttemberg-ch"]
[Site "Moeglingen"]
[Date "1989.??.??"]
[Round "5"]
[White "Migl, Dieter"]
[Black "Hoensch, Matthias"]
[Result "1-0"]
[WhiteElo "2235"]
[BlackElo "2345"]

1.e4 e6 2.d4 d5 3.Nc3 Nf6 4.e5 Nfd7 5.f4 c5 6.Nf3 Nc6 7.Be3 cxd4 8.Nxd4 Bc5
9.Qd2 Bxd4 10.Bxd4 a6 11.O-O-O b5 12.Kb1 O-O 13.h4 b4 14.Ne2 a5 15.h5 Ba6
16.Rh3 Qc7 17.Rg3 Rfc8 18.b3 Nxd4 19.Nxd4 Nc5 20.Bd3 Bxd3 21.cxd3 a4 22.Rc1 axb3
23.axb3 Qa5 24.Qb2 Qa6 25.Rd1 Nd7 26.Ne2 Nc5 27.Nd4 Qa3 28.Rd2 Ne4 29.dxe4 Rc1+  1-0

[Event "Wuerttemberg-ch"]
[Site "Moeglingen"]
[Date "1989.??.??"]
[Round "9"]
[White "Bauer, Peter"]
[Black "Hoensch, Matthias"]
[Result "1-0"]
[WhiteElo "2285"]
[BlackElo "2345"]

1.e4 e6 2.d4 d5 3.Nc3 Nf6 4.e5 Nfd7 5.f4 c5 6.Nf3 Nc6 7.Be3 cxd4 8.Nxd4 Bc5
9.Qd2 O-O 10.O-O-O a6 11.h4 Bxd4 12.Bxd4 b5 13.Kb1 b4 14.Na4 Qa5 15.b3 Nxd4
16.Qxd4 Bb7 17.f5 exf5 18.h5 Qc7 19.h6 Qxe5 20.hxg7 Qxg7 21.Qxb4 Rab8 22.Bd3 Bc6
23.Qf4 Qg4 24.Qh2 Qg7 25.Bxf5 Bxa4 26.Bxh7+ Kh8 27.Bf5+ Kg8 28.Rd3 Ne5 29.Rg3 Ng6
30.Rxg6  1-0

[Event "Moscow op"]
[Site "Moscow"]
[Date "1989.??.??"]
[Round "?"]
[White "Maljutin, Evgeni"]
[Black "Gruzmann, Boris"]
[Result "1-0"]
[WhiteElo "2355"]
[BlackElo "2320"]

1.e4 e6 2.d4 d5 3.Nc3 Nf6 4.e5 Nfd7 5.Nce2 c5 6.c3 Nc6 7.Nf3 Qa5 8.Bd2 Qb6
9.Rb1 cxd4 10.cxd4 f6 11.exf6 Nxf6 12.Bc3 Bd6 13.Ng3 O-O 14.Be2 Ng4 15.O-O a5
16.a4 Qd8 17.Ne1 Nxh2 18.Kxh2 Qh4+ 19.Kg1 Rxf2 20.Kxf2 Bxg3+ 21.Ke3 e5 22.Kd2 exd4
23.Kc1 Be6 24.Nf3 Qf4+ 25.Bd2 Rc8 26.Bxf4 Bxf4+ 27.Kc2 d3+ 28.Qxd3 Nb4+ 29.Kd1 Nxd3
30.Bxd3 g5 31.g3 Bxg3 32.Rg1 Bf4 33.Nxg5 Be3 34.Rg2 Bd7 35.Ke2 Re8 36.Ne4+ Kh8
37.Nf6  1-0

[Event "Kotov mem"]
[Site "Odessa"]
[Date "1989.??.??"]
[Round "?"]
[White "Kolev, Atanas"]
[Black "Moskalenko, Viktor"]
[Result "1/2-1/2"]
[WhiteElo "2425"]
[BlackElo "2500"]

1.e4 e6 2.d4 d5 3.Nc3 Nf6 4.e5 Nfd7 5.f4 c5 6.Nf3 Nc6 7.Be3 a6 8.Qd2 b5 9.dxc5 Bxc5
10.Bxc5 Nxc5 11.Qf2 Qb6 12.Bd3 Rb8 13.O-O Na4 14.Nd1 Qxf2+ 15.Rxf2 O-O 16.Rb1 Bb7
17.Re2 Rbc8 18.Nf2 Rc7 19.h4 Rfc8 20.f5 Nc5 21.f6 Nb4 22.fxg7 Ncxd3 23.Nxd3 Nxd3
24.cxd3 d4 25.Kf2 Kxg7 26.a3 Kg6 27.Rh1 Rc2 28.Re1 Rxe2+ 29.Rxe2 Kh5 30.Nxd4 Kxh4
31.Re3 Kg4 32.Re2 h5 33.Nc2 h4 34.Ne1 Kf5 35.Re3 Rg8 36.Rh3 Kxe5 37.Rxh4 Bd5
38.Nf3+ Kd6 39.Rh7 Ke7 40.g3 Kf6 41.Rh6+ Ke7 42.Rh7 Kf6 43.Rh6+ Kg7 44.Rh1 Rc8
45.Re1 Kf6 46.Re2 Ke7 47.Ke3 Rg8 48.Kf2 Rg6 49.Nh4 Rf6+ 50.Ke1 Kd6 51.Rc2 Bc6
52.Ke2 Rh6 53.Ke3 Rh8 54.Kf2 Bd5 55.Rc1 Rb8 56.b4 Rg8 57.Nf3 Rh8 58.Ng5 Rh2+
59.Ke3 f5 60.Nf7+ Ke7 61.Ne5 Ra2 62.Kf4 Rxa3 63.Rc7+ Kd8 64.Ra7 a5 65.Nf7+ Kc8
66.Nd6+ Kb8 67.Nxb5 Rxd3 68.Rxa5 Rf3+ 69.Ke5 Rxg3 70.Nd4 Re3+ 71.Kd6 f4 72.Rb5+ Kc8
73.Nf5  1/2-1/2

[Event "Paris op-1"]
[Site "Paris"]
[Date "1989.??.??"]
[Round "?"]
[White "Clech, Jean Louis"]
[Black "Maring, P."]
[Result "0-1"]
[WhiteElo "1870"]
[BlackElo "1720"]

1.e4 e6 2.d4 d5 3.Nc3 Nf6 4.e5 Nfd7 5.f4 c5 6.Nf3 Nc6 7.Be2 Qb6 8.Na4 Qa5+
9.c3 cxd4 10.Nxd4 Nxd4 11.Qxd4 b5 12.b4 Qxa4 13.g4 Nb6 14.O-O Nc4 15.f5 Be7
16.Rf2 Qa3 17.Bd3 Bd8  0-1

[Event "Paris op-2"]
[Site "Paris"]
[Date "1989.??.??"]
[Round "?"]
[White "Louvet, H."]
[Black "Boutinot, F."]
[Result "0-1"]
[WhiteElo "1620"]
[BlackElo "1790"]

1.e4 e6 2.d4 d5 3.Nc3 Nf6 4.e5 Nfd7 5.Nce2 c5 6.c3 Nc6 7.Nf3 c4 8.b3 b5 9.a4 Ba6
10.axb5 Bxb5 11.Ng3 Na5 12.bxc4 Nxc4 13.Bxc4 Bxc4 14.Qa4 a6 15.Nd2 Bb5 16.Qa2 Nb6
17.Ne2 Be7 18.Nb1 O-O 19.O-O Nc4 20.Re1 f6 21.Bf4 Qb6 22.Nd2 fxe5 23.Bxe5 Nxe5  0-1

[Event "Philadelphia"]
[Site "Philadelphia"]
[Date "1989.??.??"]
[Round "1"]
[White "Garcia, Gildardo"]
[Black "Shahade, Michael"]
[Result "1/2-1/2"]
[WhiteElo "2430"]
[BlackElo "2315"]

1.e4 e6 2.d4 d5 3.Nc3 Nf6 4.e5 Nfd7 5.f4 c5 6.Nf3 Nc6 7.Be3 a6 8.Qd2 b5 9.dxc5 Bxc5
10.O-O-O b4 11.Ne2 Qb6 12.Ned4 a5 13.Kb1 O-O 14.Bd3 Ba6 15.Rhe1 g6 16.g4 Nxd4
17.Bxd4 Bxd4 18.f5 b3 19.axb3 Bxd3 20.Qh6 Qxb3 21.Nxd4 Bxc2+ 22.Kc1 Qc4 23.Nxc2 Rfc8
24.Rd2 Qb4 25.Kb1 Qf8 26.Qh4 Rc4 27.Nd4 Qb4 28.Qh6 Qf8 29.Qh4 Qb4 30.Red1 Rb8
31.fxe6 Rxd4 32.exd7 Rxd2 33.d8=Q+ Rxd8 34.Qxd8+ Kg7 35.Qf6+ Kg8 36.Qd8+ Kg7
37.Qf6+  1/2-1/2

[Event "Bohemians"]
[Site "Prague"]
[Date "1989.??.??"]
[Round "?"]
[White "Polasek, Jaroslav"]
[Black "Zueger, Beat"]
[Result "1/2-1/2"]
[WhiteElo "2395"]
[BlackElo "2445"]

1.e4 e6 2.d4 d5 3.Nc3 Nf6 4.e5 Nfd7 5.f4 c5 6.Nf3 Nc6 7.Be3 cxd4 8.Nxd4 Qb6
9.Be2 Bc5 10.Na4 Qa5+ 11.c3 Bxd4 12.Bxd4 Nxd4 13.Qxd4 b6 14.Bd1 O-O 15.O-O Ba6
16.Rf3 f6 17.exf6 Rxf6 18.b4 Qb5 19.Nb2 Qc6 20.Bb3 Raf8 21.Re1 Kh8 22.a4 Qc7
23.Nd3 Bxd3 24.Qxd3 Rxf4 25.Rxe6 Rxf3 26.gxf3 Nf6 27.Bc2 Rc8 28.b5 Qf7 29.Re5 Qc7
30.Rxd5 Re8  1/2-1/2

[Event "NOR-ch"]
[Site "Randaberg"]
[Date "1989.??.??"]
[Round "?"]
[White "Moen, Ole Christian"]
[Black "Agdestein, Simen"]
[Result "1-0"]
[WhiteElo "2295"]
[BlackElo "2605"]

1.e4 e6 2.d4 d5 3.Nc3 Nf6 4.e5 Nfd7 5.f4 c5 6.Nf3 Nc6 7.Ne2 Be7 8.g3 O-O
9.c3 f6 10.Bh3 Kh8 11.O-O cxd4 12.cxd4 Nb6 13.b3 a5 14.a4 Nb4 15.exf6 Bxf6
16.g4 g6 17.Be3 Bd7 18.Qd2 Nc8 19.Ng3 Nd6 20.Ne5 Rc8 21.Rac1 Qe7 22.Bg2 b5
23.Rc5 Nb7 24.Nxd7 Qxd7 25.Rxb5 Rc2 26.Qd1 Rc3 27.Rf3 Rd3 28.Qe2 Rxb3 29.f5 exf5
30.gxf5 Nd6 31.Rxa5 Nc4 32.Bh6 Bxd4+ 33.Kh1 Rb1+ 34.Rf1 Rxf1+ 35.Qxf1 Bg7
36.Bxg7+ Qxg7 37.Rb5 Ne3 38.Qb1 Nbc2 39.Bxd5 gxf5 40.Rb8 f4 41.Rxf8+  1-0

[Event "Reykjavik"]
[Site "Reykjavik"]
[Date "1989.??.??"]
[Round "?"]
[White "Jonsson, Bjorgvin"]
[Black "Bjarnason, Saevar"]
[Result "1/2-1/2"]
[WhiteElo "2335"]
[BlackElo "2335"]

1.e4 e6 2.d4 d5 3.Nc3 Nf6 4.e5 Nfd7 5.f4 c5 6.Nf3 Nc6 7.Be3 a6 8.Qd2 b5 9.Be2 Qb6
10.O-O cxd4 11.Nxd4 Bc5 12.Rfd1 Nxd4 13.Bxd4 Bxd4+ 14.Qxd4 Qxd4+ 15.Rxd4 Nb8
16.Bf3 Nc6 17.Rd2 Bb7 18.Re1 Na5 19.Ne2 Ke7 20.Nd4 Nc4 21.Rf2 Nxb2 22.f5 Raf8
23.Bg4 Bc8 24.Ref1 Nc4 25.fxe6 fxe6 26.Rxf8 Rxf8 27.Rxf8 Kxf8 28.Bxe6 Bb7
29.Bh3 Nxe5 30.Ne6+ Ke7  1/2-1/2

[Event "Slupsk"]
[Site "Slupsk"]
[Date "1989.??.??"]
[Round "4"]
[White "Grabarczyk, Bogdan"]
[Black "Kujawski, Adam"]
[Result "1-0"]
[WhiteElo "2345"]
[BlackElo "2270"]

1.e4 e6 2.d4 d5 3.Nc3 Nf6 4.e5 Nfd7 5.f4 c5 6.Nf3 Nc6 7.Be3 Qb6 8.Na4 Qa5+
9.c3 cxd4 10.b4 Nxb4 11.cxb4 Bxb4+ 12.Bd2 Bxd2+ 13.Nxd2 b6 14.Bd3 Ba6 15.Nb2 Nc5
16.Bxa6 Qxa6 17.Nb3 Qa3 18.Nd3 O-O 19.O-O Rac8 20.Rf3 Nxd3 21.Rxd3 Rc3 22.Rxd4 Rfc8
23.f5 a5 24.fxe6 fxe6 25.Qg4 a4 26.Rxa4  1-0

[Event "JUG-ch (Women)"]
[Site "Split"]
[Date "1989.??.??"]
[Round "3"]
[White "Maric, Mirjana"]
[Black "Vujic Katanic, Branka"]
[Result "1/2-1/2"]
[WhiteElo "2285"]
[BlackElo "2210"]

1.e4 e6 2.d4 d5 3.Nc3 Nf6 4.e5 Nfd7 5.f4 c5 6.Nf3 Nc6 7.Be3 a6 8.Qd2 b5 9.dxc5 Bxc5
10.Nd4 Qb6 11.Nce2 b4 12.h4 a5 13.Rh3 Ba6 14.Nxc6 Qxc6 15.Bxc5 Nxc5 16.Nd4 Qb6
17.Bxa6 Rxa6 18.Qe2 Ne4 19.Qb5+ Qxb5 20.Nxb5 O-O  1/2-1/2

[Event "Tapolca"]
[Site "Tapolca"]
[Date "1989.??.??"]
[Round "?"]
[White "Szalanczy, Emil"]
[Black "Samovojska, Damir"]
[Result "1/2-1/2"]
[WhiteElo "2400"]
[BlackElo "2365"]

1.e4 e6 2.d4 d5 3.Nc3 Nf6 4.e5 Ne4 5.Nxe4 dxe4 6.Be3 c5 7.dxc5 Nd7 8.Nh3 Qc7
9.Qg4 Qxe5 10.O-O-O Bxc5 11.Bxc5 Nxc5 12.Bb5+ Bd7 13.Bxd7+ Nxd7 14.Rhe1 Nc5
15.Qg5 Qxg5+ 16.Nxg5 f5 17.b4 h6 18.Nh3 Na6 19.Nf4 Nxb4 20.a3 Na6 21.Nxe6 Kf7
22.Nd4 Kf6 23.g4 g6 24.gxf5 gxf5 25.f3 Rhe8 26.fxe4 Rxe4 27.Rf1 f4 28.Nb5 Nc5
29.Rd6+ Ne6 30.Nc7 Rd8 31.Rxe6+ Rxe6 32.Rxf4+ Ke7 33.Nxe6 Kxe6 34.Ra4 a6
35.Rb4 b5 36.Rh4 Rh8 37.Rg4 Kf5 38.Rg7 Rc8 39.h4 Rc4 40.h5 Rh4 41.Rg6 Rxh5
42.Rxa6 Ke4  1/2-1/2

[Event "Tapolca"]
[Site "Tapolca"]
[Date "1989.??.??"]
[Round "?"]
[White "Dragojlovic, Andjelko"]
[Black "Levasseur, Philippe"]
[Result "1-0"]
[WhiteElo "2315"]
[BlackElo "2240"]

1.e4 e6 2.d4 d5 3.Nc3 Nf6 4.e5 Nfd7 5.f4 c5 6.Nf3 Nc6 7.Be3 cxd4 8.Nxd4 Bc5
9.Qd2 O-O 10.O-O-O Bb4 11.a3 Bc5 12.h4 Qe7 13.Rh3 a6 14.h5 Nb6 15.Qf2 Qc7
16.Nb3 Bxe3+ 17.Qxe3 Nc4 18.Bxc4 dxc4 19.Nc5 b5 20.N3e4 Ne7 21.h6 g6 22.Nf6+ Kh8
23.g4 Rd8 24.Rxd8+ Qxd8 25.Nce4 Nd5 26.Nd6 Qxf6 27.exf6 Nxe3 28.Rxe3 Kg8
29.Re5 Bd7 30.Rc5 Kf8 31.Rc7 Be8 32.Ne4 Rd8 33.Ng5 Kg8 34.b3 cxb3 35.cxb3 a5
36.Kc2 a4 37.bxa4 bxa4 38.Kc3 Rb8 39.Kc4 Rd8 40.Kc5 Rd5+ 41.Kb6 Rd6+ 42.Kb7  1-0

[Event "Wch U20"]
[Site "Tunja"]
[Date "1989.??.??"]
[Round "10"]
[White "Vazquez, Rod"]
[Black "Imocha, Laisram"]
[Result "0-1"]
[WhiteElo "2300"]
[BlackElo "2315"]

1.e4 e6 2.d4 d5 3.Nc3 Nf6 4.e5 Nfd7 5.f4 c5 6.Nf3 Nc6 7.Be3 a6 8.Qd2 b5 9.dxc5 Bxc5
10.Bxc5 Nxc5 11.Bd3 Qb6 12.Qf2 b4 13.Ne2 a5 14.O-O Ba6 15.Rfd1 g6 16.h3 O-O
17.Kh2 f6 18.exf6 Rxf6 19.Qh4 Kg7 20.Qg3 Ne4 21.Qe1 Qe3 22.Ng3 Qxe1 23.Rxe1 Bxd3
24.cxd3 Nf2 25.Rac1 Ra6 26.Ne5 Nxe5 27.fxe5 Rf7 28.Re3 d4 29.Re2 Nxd3 30.Rc4 Rd7
31.Re4 Nxb2 32.Rcxd4 Raa7 33.Rd6 Na4 34.Rc4 Rxd6 35.exd6 Kf6 36.a3 Nb6 37.Rc5 Nd5
38.axb4 axb4 39.Rc8 Ke5 40.Rd8 Rb7 41.d7 Nf6 42.Ne2 Rxd7 43.Rb8 Nd5 44.Nc1 Kd4
45.Nb3+ Kc4 46.Nd2+ Kc3 47.Ne4+ Kc2 48.Nc5 Rd6 49.Rc8 Nc3 50.Rb8 Rc6 51.Nxe6 Rxe6
52.Rxb4 Nd5 53.Rd4 Ne3 54.Rd7 h5 55.Kg3 Rf6 56.Rd8 Kc3 57.Rd7 g5 58.h4 Nf5+  0-1

[Event "Tuzla"]
[Site "Tuzla"]
[Date "1989.??.??"]
[Round "8"]
[White "Rosic, Slavko"]
[Black "Sprecic, Mustafa"]
[Result "1/2-1/2"]
[WhiteElo "2280"]
[BlackElo "2360"]

1.e4 e6 2.d4 d5 3.Nc3 Nf6 4.e5 Nfd7 5.f4 c5 6.Nf3 Nc6 7.Be3 a6 8.Bd3 cxd4
9.Nxd4 Nc5 10.O-O Nxd3 11.Qxd3 Be7 12.Kh1 O-O 13.Na4 Bd7 14.Nxc6 Bxc6 15.Bb6 Qe8
16.Nc3 Bb5 17.Nxb5 Qxb5 18.Qxb5 axb5 19.a3 Rfc8 20.c3 Bc5 21.Bxc5 Rxc5 22.Rad1 Ra4
23.Rd2 Re4 24.g3 Kf8 25.Rdf2 Ke8 26.Kg2 Rc7 27.h4 h5 28.Rd1 Kd7 29.Kf3 Rcc4
30.Re2 Rxe2 31.Kxe2 Kc6 32.Rd4 Ra4 33.Rd1 f6 34.Rd4 f5 35.Kd3 Kc5 36.Rb4 Ra8
37.Ke3 Ra6 38.Kd2 Ra4 39.Kd3 Ra7 40.Kc2 Ra4 41.Kb3 Ra8 42.Rd4 b6 43.Rb4 Ra4
44.Kc2 Ra8 45.Kc1 Ra4 46.Kc2 Ra8 47.Rd4 Ra4  1/2-1/2

[Event "Uzes op"]
[Site "Uzes"]
[Date "1989.??.??"]
[Round "8"]
[White "Santo Roman, Marc"]
[Black "Luce, Sebastien"]
[Result "1-0"]
[WhiteElo "2375"]
[BlackElo "2340"]

1.e4 e6 2.d4 d5 3.Nc3 Nf6 4.e5 Nfd7 5.f4 c5 6.Nf3 Nc6 7.Be3 a6 8.Qd2 b5 9.dxc5 Bxc5
10.Bxc5 Nxc5 11.Bd3 Qb6 12.Ne2 a5 13.Ned4 Nxd3+ 14.Qxd3 Ba6 15.Qe3 b4 16.O-O-O O-O-O
17.Rhe1 Nxd4 18.Rxd4 Rd7 19.Kb1 Kb8 20.Rd2 Qb7 21.Qc5 Qc7 22.Qxc7+ Kxc7 23.Re3 g6
24.Nd4 Kb6 25.Rh3 h5 26.Kc1 Rc8 27.Kd1 Rc4 28.Re3 Rc8 29.Ke1 Bb5 30.Kf2 Rdc7
31.a3 Ba4 32.b3 Be8 33.axb4 axb4 34.Re1 Ra7 35.Rdd1 Rca8 36.Ke3 Bb5 37.Rb1 Ra2
38.Red1 R8a7 39.Rd2 Ra8 40.Rdd1 R8a7 41.Rd2 Ba6 42.c3 Bb5 43.Rc1 Rxd2 44.Kxd2 Ra2+
45.Rc2 Rxc2+ 46.Nxc2 bxc3+ 47.Kxc3 Kc5 48.b4+ Kb6 49.Nd4 Bf1 50.g3 Bg2 51.Kd2 Be4
52.Ke3 Bf5 53.Kf3 Be4+ 54.Kf2 Bf5 55.g4 Bxg4 56.Kg3 Kc7 57.Kh4 Kd7 58.Kg5 Bf5
59.Kf6 Ke8 60.b5 Bd3 61.b6  1-0